Music Quiz

Random Music or Clickable Quiz

Disney Music Match Quiz Stats

Quiz Updated Jan 1, 2016

Challenge
Share
Tweet
Score 0/15 Timer 06:00
1 Play Today
% Correct
A dream is a wish
88.9%
A whole new world
88.4%
Tale as old as time
83.6%
It's the circle of life
81.2%
You think you own
75.6%
In every job
69.3%
Look, there she goes
58.2%
Look at me
55.9%
% Correct
Someday I'll find my love
47.6%
All at once
46.9%
Put your faith
43.9%
'Cause after today
34.8%
Though honey
32.5%
Be brave little one
25.7%
Little one
20.5%

You're not logged in!

Compare scores with friends on all Sporcle quizzes.
Sign Up with Email
OR
Log In

You Might Also Like...

Show Comments

Extras

Top Quizzes Today


Score Distribution

Your Account Isn't Verified!

In order to create a playlist on Sporcle, you need to verify the email address you used during registration. Go to your Sporcle Settings to finish the process.

Report this User

Report this user for behavior that violates our Community Guidelines.

Details: